00987nam a2200253 a 450000100100000000500170001000800410002702000150006804000250008308200160010810000350012424501210015926000640028030000210034449000290036550000220039450000560041665000180047265000390049070000320052983000350056195201220059699900150071800000241620200929150208.0090702s2004 dr 000 0 spa d a8489384517 aDO-SdBNPbspacBNPHU axxxxbM277v1 aManguel, Alberto,d1948-9766110aVicios solitarios :blecturas, relecturas y otras cuestiones éticas /cAlberto Manguel ; traductor Eduardo Hojman. aMadrid :bFundación Gérman Sánchez Ruipérez,c2004. a151 p. ;c23 cm.1 aEl árbol de la memoria aIncluye índice. aIncluye datos biográficos del autor en la solapa. 4aLectura.9408 4aCrítica e interpretacíon976621 aHojman, Eduardo,etr.97663 0aEl árbol de la memoria97660 001054708PDaGRbGRcHDd2009-07-02iLF1l0oxxxx M277vp2416-10r2020-06-25w2020-06-25yLFPDZPréstamo en sala c2252d2252